[Event "XIV C.to Italiano UISP Magistrale"]
[Site "Chianciano Terme ITA"]
[Date "1993.??.??"]
[Round "?"]
[White "Bellomo, Francesco"]
[Black "Caruso, Augusto"]
[WhiteElo "2365"]
[BlackElo "2230"]
[Result "1-0"]
[PlyCount "61"]
[EventDate "1993.??.??"]

1. Nf3 Nc6 2. g3 e5 3. d3 Nf6 4. Bg2 Be7 5. O-O O-O 6. c3 a5 7. e4 d6 8. Nbd2
Re8 9. Re1 Bf8 10. Qc2 g6 11. a3 Bg7 12. b3 h6 13. Bb2 Bg4 14. h3 Bd7 15. d4
Nh7 16. dxe5 dxe5 17. Kh2 Nf8 18. Rad1 Qe7 19. Nf1 a4 20. b4 Be6 21. c4 Red8
22. Ne3 Nd4 23. Nxd4 exd4 24. Nd5 Qd6 25. c5 Qd7 26. Bxd4 Bxd4 27. Rxd4 Kg7 28.
Qc3 f6 29. Red1 Qf7 30. e5 fxe5 31. Rf4 1-0

[Event "XIV C.to Italiano UISP Magistrale"]
[Site "Chianciano Terme ITA"]
[Date "1993.??.??"]
[Round "?"]
[White "Fabris, Alberto"]
[Black "Lucaroni, Massimiliano"]
[WhiteElo "2205"]
[BlackElo "2310"]
[Result "0-1"]
[PlyCount "34"]
[EventDate "1993.??.??"]

1. e4 e5 2. Nf3 Nc6 3. Bb5 Nf6 4. Nc3 Bb4 5. d3 d6 6. h3 O-O 7. O-O Ne7 8. Bg5
Bxc3 9. bxc3 c6 10. Ba4 Ng6 11. Nh4 Nf4 12. Qf3 h6 13. Bxf4 exf4 14. Qxf4 Nh5
15. Qe3 Qxh4 16. g4 Bxg4 17. hxg4 Qxg4+ 0-1

[Event "XIV C.to Italiano UISP Magistrale"]
[Site "Chianciano Terme ITA"]
[Date "1993.??.??"]
[Round "?"]
[White "Ferretti, Folco"]
[Black "Campanile, Antonio"]
[WhiteElo "2295"]
[BlackElo "2245"]
[Result "1-0"]
[PlyCount "43"]
[EventDate "1993.??.??"]

1. e4 c6 2. d4 d5 3. f3 dxe4 4. fxe4 e5 5. Nf3 Bg4 6. Bc4 f6 7. c3 b5 8. Bxg8
Rxg8 9. Qb3 Rh8 10. Nbd2 Qe7 11. O-O Nd7 12. a4 b4 13. Qc4 Qe6 14. d5 cxd5 15.
exd5 Qb6+ 16. Kh1 Bh5 17. Ne4 Qb7 18. cxb4 Bxb4 19. Bd2 a5 20. Bxb4 Qxb4 21.
Qc6 Ke7 22. d6+ 1-0

[Event "XIV C.to Italiano UISP Magistrale"]
[Site "Chianciano Terme ITA"]
[Date "1993.??.??"]
[Round "?"]
[White "Lucaroni, Massimiliano"]
[Black "Lagrotteria, Salvatore"]
[WhiteElo "2310"]
[BlackElo "2230"]
[Result "1/2-1/2"]
[PlyCount "98"]
[EventDate "1993.??.??"]

1. e4 e6 2. d4 d5 3. Nc3 Nf6 4. Bg5 Bb4 5. e5 h6 6. Bd2 Bxc3 7. bxc3 Ne4 8. Qg4
g6 9. Bd3 Nxd2 10. Kxd2 c5 11. Nf3 cxd4 12. cxd4 Qa5+ 13. Ke3 b6 14. Rhc1 Nc6
15. Nd2 Qc3 16. h4 Rg8 17. Rab1 f5 18. exf6 e5 19. Qf3 Qxd4+ 20. Ke2 Bg4 21.
f7+ Ke7 22. fxg8=Q Rxg8 23. Kf1 Bxf3 24. Nxf3 Qf4 25. c4 d4 26. c5 bxc5 27.
Rxc5 Kd6 28. Rbc1 Nb4 29. Nxe5 Rf8 30. f3 Qh2 31. Be4 Qh1+ 32. Kf2 Qxh4+ 33.
Kg1 Rc8 34. Nf7+ Ke7 35. Rxc8 Kxf7 36. R8c4 Qf4 37. Rd1 Nxa2 38. Rcxd4 Qe3+ 39.
Kh1 Nc3 40. Rd7+ Ke6 41. R7d3 Nxd1 42. Rxe3 Nxe3 43. Bxg6 a5 44. Kh2 a4 45. Kh3
a3 46. Bb1 Nd1 47. Ba2+ Kd6 48. f4 Nc3 49. Bb3 a2 1/2-1/2

[Event "XIV C.to Italiano UISP Magistrale"]
[Site "Chianciano Terme ITA"]
[Date "1993.??.??"]
[Round "4"]
[White "Caruso, Augusto"]
[Black "Lagrotteria, Salvatore"]
[Result "1-0"]
[WhiteElo "2230"]
[BlackElo "2230"]
[PlyCount "67"]
[EventDate "1993.??.??"]

1. e4 e6 2. d4 d5 3. Nd2 Nf6 4. e5 Ne4 5. Nxe4 dxe4 6. Bc4 a6 7. a4 b6 8. Nh3
Bb7 9. O-O Nc6 10. c3 Qd7 11. Qe2 h6 12. Nf4 Na5 13. Ba2 O-O-O 14. b4 Nc6 15.
Be3 Ne7 16. Bc4 g5 17. Nh5 Nd5 18. Nf6 Nxf6 19. exf6 Qc6 20. Rfe1 a5 21. bxa5
bxa5 22. Reb1 Rd6 23. Rb3 Ba6 24. Bb5 Bxb5 25. axb5 Qb7 26. Rxa5 e5 27. dxe5
Rd5 28. Ra7 Qb8 29. b6 Bc5 30. Qg4+ Rd7 31. Rxc7+ Qxc7 32. bxc7 h5 33. Rb8+
Kxc7 34. Rb7+ 1-0

[Event "XIV C.to Italiano UISP Magistrale"]
[Site "Chianciano Terme ITA"]
[Date "1993.??.??"]
[Round "4"]
[White "Lucaroni, Massimiliano"]
[Black "Sebastianelli, Diego"]
[Result "1-0"]
[WhiteElo "2310"]
[BlackElo "2110"]
[PlyCount "55"]
[EventDate "1993.??.??"]

1. e4 c5 2. Nf3 e6 3. d4 cxd4 4. Nxd4 a6 5. Be3 Nf6 6. Bd3 Nc6 7. Nc3 Ne5 8. h3
d5 9. O-O Nxd3 10. Qxd3 Be7 11. e5 Nd7 12. f4 O-O 13. Rad1 Qc7 14. Qe2 b5 15.
a3 Bb7 16. Qg4 g6 17. Nxe6 fxe6 18. Qxe6+ Rf7 19. Nxd5 Bxd5 20. Qxd5 Rd8 21. e6
Rf5 22. Qxd7 Rxd7 23. Rxd7 Qxc2 24. Rxe7 Rd5 25. Kh2 Rd1 26. Rxd1 Qxd1 27. Rd7
Qb3 28. Rd8+ 1-0

[Event "XIV C.to Italiano UISP Magistrale"]
[Site "Chianciano Terme ITA"]
[Date "1993.??.??"]
[Round "4"]
[White "Negro, Roberto"]
[Black "Crea, Vincenzo"]
[WhiteElo "2154"]
[BlackElo "2195"]
[Result "1-0"]
[PlyCount "102"]
[EventDate "1993.??.??"]

1. d4 d5 2. c4 c6 3. Nf3 Nf6 4. Nc3 e6 5. g3 Nbd7 6. b3 Bb4 7. Bd2 Qe7 8. Bg2
O-O 9. O-O Rd8 10. cxd5 exd5 11. Ne1 Re8 12. e3 Nf8 13. Nd3 Bd6 14. Bc1 Bf5 15.
Na4 Ne6 16. Kh1 Ne4 17. Bb2 Qf6 18. Nac5 Qh6 19. Nxe4 dxe4 20. Nf4 Nc7 21. Qh5
Qxh5 22. Nxh5 Nd5 23. Nf4 Bxf4 24. gxf4 Rad8 25. Ba3 h6 26. Rg1 f6 27. Bf1 Kf7
28. Be2 Rh8 29. Bg4 Bd7 30. Bh5+ Kg8 31. Bg6 Be8 32. Bxe4 Nc3 33. Bf3 Nd5 34.
f5 g5 35. fxg6 Kg7 36. h4 h5 37. Be4 Bd7 38. Bf3 Rde8 39. Rac1 Bf5 40. Bxd5
cxd5 41. Rc7+ Kh6 42. g7 Rhg8 43. Bf8 Re4 44. Rg3 Rxh4+ 45. Kg1 Bb1 46. a3 f5
47. Rf7 Bc2 48. b4 a6 49. Rf6+ Kh7 50. Rgg6 Rg4+ 51. Rxg4 fxg4 1-0

[Event "XIV C.to Italiano UISP Magistrale"]
[Site "Chianciano Terme ITA"]
[Date "1993.??.??"]
[Round "5"]
[White "Gaggiottini, Manfredo"]
[Black "Stornelli, Vincenzo"]
[Result "1-0"]
[WhiteElo "2078"]
[BlackElo "2050"]
[PlyCount "67"]
[EventDate "1993.??.??"]

1. b4 e5 2. Bb2 d6 3. e3 Nf6 4. c4 Be7 5. Bd3 O-O 6. Nc3 Be6 7. Rc1 c6 8. Nce2
Nbd7 9. Ng3 Re8 10. a3 d5 11. c5 Qc7 12. Bb1 b6 13. cxb6 axb6 14. N1e2 c5 15.
f4 exf4 16. Nxf4 Bd6 17. O-O Be5 18. d4 Bxf4 19. Rxf4 c4 20. Qc2 Nf8 21. Rcf1
Ng6 22. Rxf6 gxf6 23. Nh5 Rec8 24. Nxf6+ Kh8 25. Qe2 Kg7 26. Qh5 Rh8 27. Qf3
Qe7 28. e4 Rhc8 29. e5 Rd8 30. Bc1 Rh8 31. Bg5 Qb7 32. Nh5+ Kf8 33. Qf6 Rg8 34.
Qxe6 1-0

[Event "XIV C.to Italiano UISP Magistrale"]
[Site "Chianciano Terme ITA"]
[Date "1993.??.??"]
[Round "5"]
[White "Mauro, Alan"]
[Black "Fabris, Alberto"]
[Result "1-0"]
[WhiteElo "2260"]
[BlackElo "2205"]
[PlyCount "127"]
[EventDate "1993.??.??"]

1. e4 c5 2. Nf3 Nc6 3. d4 cxd4 4. Nxd4 Nf6 5. Nc3 e5 6. Ndb5 d6 7. Bg5 a6 8.
Na3 b5 9. Nd5 Be7 10. Bxf6 Bxf6 11. c3 O-O 12. Nc2 Rb8 13. Bd3 Bg5 14. O-O Ne7
15. Ncb4 Bb7 16. Nxe7+ Qxe7 17. Bc2 Rfc8 18. Qd3 a5 19. Nd5 Bxd5 20. Qxd5 Rc5
21. Qd3 Rbc8 22. Bb3 a4 23. Bd5 g6 24. g3 Kh8 25. Rad1 Rf8 26. b4 axb3 27. axb3
Qd7 28. c4 b4 29. f4 exf4 30. Qd4+ Kg8 31. gxf4 Qg4+ 32. Kh1 Bxf4 33. e5 Rxd5
34. cxd5 dxe5 35. Qc4 Rc8 36. Qe4 Qh3 37. Qg2 Qxb3 38. d6 Qe6 39. Qb7 b3 40. d7
Rd8 41. Qc7 Qe7 42. Rf3 b2 43. Rb3 Qh4 44. Rxb2 Kg7 45. Rf1 Qh3 46. Rxf4 exf4
47. Qe5+ f6 48. Qe7+ Kh6 49. Rb1 Qf3+ 50. Kg1 Qe3+ 51. Qxe3 fxe3 52. Rb7 Kg5
53. Kg2 Kf4 54. Ra7 f5 55. h4 Kg4 56. Ra4+ f4 57. Rd4 h6 58. Rd6 f3+ 59. Kg1
Kxh4 60. Rxg6 Rxd7 61. Kh2 Rd2+ 62. Kh1 e2 63. Re6 f2 64. Kh2 1-0